| 000 | 01145cam a22002771i 4500 | ||
|---|---|---|---|
| 003 | SA-RiAUC | ||
| 005 | 20250223060253.0 | ||
| 008 | 250205s1989 ti g 00000dara c | ||
| 040 |
_aSA-JeALM _bara _cSA-RiAUC _erda |
||
| 043 | _af-ti--- | ||
| 082 | 0 | 4 | _a961.103 |
| 090 |
_a961.103 _bا ب ن ا |
||
| 100 | 1 |
_aبن أبي الضياف، أحمد بن أبي الضياف بن عمر، _d1219-1291 هجري _eمؤلف. |
|
| 245 | 1 | 0 |
_aإتحاف أهل الزمان بأخبار ملوك تونس وعهد الأمان / _cأحمد بن أبي الضياف. |
| 250 | _aالطبعة الاولى. | ||
| 264 | 1 |
_aتونس : _bالدار التونسية، _c1989 |
|
| 300 |
_aمجلد ؛ _c24 سم |
||
| 336 |
_aنص _btxt _2rdacontent _3كتاب |
||
| 337 |
_aبدون وسيط _bn _2rdamedia |
||
| 338 |
_aمجلد _bnc _2rdacarrier |
||
| 651 | 7 |
_aتونس _xتاريخ _yبايات أسرة الحسين، 1705-1957 _2aucsh |
|
| 651 | 7 |
_aتونس _xتاريخ _yالحكم العثماني، 1516-1881 _2aucsh |
|
| 651 | 7 |
_aتونس _xملوك وحكام _vتراجم _2aucsh |
|
| 942 |
_2ddc _cBOOK _n0 |
||
| 949 |
_aSA-JeALM _d250205 _uosman123 _n1 |
||
| 999 |
_c6173 _d6173 |
||